Best Pound-for-Pound Boxers in the World 2016 #2 - Statistics

General Stats
  • This quiz has been taken 30 times
  • The average score is 7 of 10
Answer Stats
Position: Nationality: Boxer: % Correct
8 Mexico Saúl Alvarez
95%
3 Kazakhstan Gennady Golovkin
85%
7 Ukraine Vasyl Lomachenko
85%
10 Japan Naoya Inoue
65%
2 Russia Sergey Kovalev
65%
5 Cuba Guillermo Rigondeaux
60%
1 Nicaragua Román González
60%
4 USA Andre Ward
55%
6 USA Terence Crawford
55%
9 Japan Shinsuke Yamanaka
30%
No matching quizzes found
Score Distribution
Percent of People with Each Score
Percentile by Number Answered
Your Score History
You have not taken this quiz